Thử nhìn hai cách dạy nhạc dân tộc truyền thống /
Gardado en:
| Autor Principal: | |
|---|---|
| Formato: | Artigo |
| Idioma: | Vietnamese |
| Những chủ đề: | |
| Các nhãn: |
Engadir etiqueta
Sen Etiquetas, Sexa o primeiro en etiquetar este rexistro!
|
| Thư viện lưu trữ: | Thư viện Trường Đại học Đà Lạt |
|---|
| LEADER | 00824nam a2200301 4500 | ||
|---|---|---|---|
| 001 | DLU060057033 | ||
| 040 | # | # | |a DLU |b vie |
| 041 | # | # | |a vie |
| 044 | # | # | |a vn |
| 100 | # | # | |a Trần Văn Khê |
| 245 | # | # | |a Thử nhìn hai cách dạy nhạc dân tộc truyền thống / |c Trần Văn Khê |
| 653 | # | # | |a Âm nhac |
| 653 | # | # | |a Giảng dạy |
| 653 | # | # | |a Nghệ thuật |
| 653 | # | # | |a Nhạc cụ dân tộc |
| 653 | # | # | |a Nhạc dân tộc |
| 773 | # | # | |t Văn hiến Việt Nam |g Số 10, 2005, tr.16-17 |
| 920 | # | # | |a Phòng Tạp chí -- Trung tâm Thông tin - Thư viện Trường Đại học Đà Lạt |
| 933 | # | # | |a CT, TN |
| 994 | # | # | |a DLU |
| 900 | # | # | |a True |
| 911 | # | # | |a Nguyễn Thị Yên |
| 925 | # | # | |a G |
| 926 | # | # | |a A |
| 927 | # | # | |a BB |
| 980 | # | # | |a Thư viện Trường Đại học Đà Lạt |